Record Details

Knife 

Jo Nesbo (Author).

Record details

  • ISBN: 9781787300767
  • Physical Description: Hard cover
  • Publisher: London  HARVILL SECKER 2019
Subject: Police

Available copies

  • 6 of 6 copies available at Headquarters.
Location Call Number / Copy Notes Barcode Shelving Location Status Due Date
Dodowa Library 201 FIC/NES 000000638371 Adult Fiction Available -
Frafraha Library 201 FIC/NES 000000638357 Adult Fiction Available -
Frafraha Library 201 FIC/NES 000000638388 Adult Fiction Available -
Frafraha Library 201 FIC/NES 000000638401 Adult Fiction Available -
Tema Library 201 FIC/NES 000000638364 Adult Fiction Available -
Teshie Library 201 FIC/NES 000000638395 Adult Fiction Available -

No reviews or recommendations are currently available.

Loading shelf browser…

LDR 00620cam a2200205Ka 4500
0014303
003HQ
00520200706104139.0
008070101s enk er 1 eng d
020 . ‡a9781787300767
037 . ‡aBook Aid
082 . ‡aFIC/NES
100 . ‡a Jo Nesbo
245 . ‡aKnife 
260 . ‡aLondon ‡b HARVILL SECKER ‡c2019
300 . ‡aHard cover
650 . ‡aPolice
901 . ‡a4303 ‡bAUTOGEN ‡c4303 ‡tbiblio

Session Timeout

Your session will expire in minutes and seconds.

If you need more time, please click "Continue Session."

Session Ended

Your session has ended. Redirecting to the home page...